000 00663nam a2200205Ia 4500
003 ARRUPE
008 130227s9999 xx 000 0 und d
020 _a0385147961
040 _cARRUPELIB
050 _aBS2685.3.G47
100 _aGetty, Mary Ann, Laverdiere, Eugene A. and Johnson, Luke Timothy
_913167
245 _aInvitation to the New Testament Epistles
_cGetty, Mary Ann, Laverdiere, Eugene A. and Johnson, Luke Timothy
245 _bA Commentary on Galatians and Romans
260 _aNew York
260 _bDoubleday
300 _a282p
300 _b 18cm
650 _913168
_aBible NT
_xEpistles of Paul
_xCommentaries
942 _2lcc
_cMONOGRAPH
999 _c6338
_d6338